000 00666nam a22002177a 4500
003 UA-OsUOA
001 54495
007 ta
008 20080618b un ||||| |||| 00| 0 ukr d
090 _a336.22/227:343.13
_bЕ45
942 _cBK
040 _aUA-OsUOA
_bukr
_cUA-OsUOA
_dUA-OsUOA
245 _aЕкономічна безпека держави : стан, проблеми, напрямки зміцнення
_bматеріали конференції 27.10.06
300 _a278 с.
955 _a1
041 _aukr
080 _a336.22/227:343.13
260 _aХарків
_bХНаУВС
_c2007
650 7 _a336 Фінанси
_2UDC
999 _c340455
_d340455